La Liga 2023-2024 Top scorers - Statistics

General Stats
  • This quiz has been taken 40 times
  • The average score is 9 of 10
Answer Stats
Goals Nationlaity Club Player % Correct
19 England Real Madrid Jude Bellingham
100%
23 Norway Villarreal Alexander Sørloth
97%
15 Spain Atlético Madrid Álvaro Morata
97%
16 France Atlético Madrid Antoine Griezmann
97%
19 Poland Barcelona Robert Lewandowski
97%
15 Brazil Real Madrid Vinícius Júnior
97%
24 Ukraine Girona Artem Dovbyk
84%
16 Morocco Sevilla Youssef En-Nesyri
76%
17 Croatia Osasuna Ante Budimir
59%
15 Spain Getafe Borja Mayoral
46%
No matching quizzes found
Score Distribution
Percent of People with Each Score
Percentile by Number Answered
Your Score History
You have not taken this quiz